=LDR 00000nam 2200000 4500 =001 INLIS000000000049773 =005 20170329102357.0 =006 =007 =008 =020 ##$$a 978-602-9434-38-5 =035 ##$$0010-031700000000218 =040 ##$$a NBPDMAT =082 ##$$a 371.92 =090 ##$$a 371.92 $b Ada t =100 ##$$a Adam Pranowo =245 ##$$a Teknik mendongkrak kemampuan anak dengan kecerdasan di bawah rata-rata / $c Adam Pranowo dan Qari'ah Hamid =260 ##$$a Yogyakarta : $b Familia, $c 2015 =300 ##$$a 81 hlm. : $b ilus. ; $c 19 cm. =500 ##$$a Bibliografi : hlm.81 =650 ##$$a Pendidikan luar biasa-kesulitan belajar =700 ##$$a Qariah Hamid